[Event "Regionalliga SW 9495"]
[Site "Bayern"]
[Date "1994.??.??"]
[Round "?.2"]
[White "Gang, Ralph"]
[Black "Dierich, Jochen"]
[Result "0-1"]
[WhiteElo "1985"]
[BlackElo "1905"]
[PlyCount "46"]
[EventDate "1994.10.??"]
[EventType "team-tourn"]
[EventRounds "9"]
[EventCountry "GER"]
[SourceTitle "EXT 1999"]
[Source "ChessBase"]
[SourceDate "1998.11.16"]
[SourceVersion "1"]
[SourceVersionDate "1998.11.16"]
[SourceQuality "1"]
[WhiteTeam "Kaufbeuren"]
[BlackTeam "Heimertingen"]
[WhiteTeamCountry "GER"]
[BlackTeamCountry "GER"]

1. e4 g6 2. d4 Bg7 3. f4 d6 4. Nf3 Bg4 5. Be2 c5 6. d5 Qb6 7. c3 Nf6 8. Nbd2 0-0 9. 0-0 Bh6 10. h3 Bd7 11. Ng5 Na6 12. c4 e6 13. Bd3 exd5 14. exd5 Nxd5 15. Nde4 f5 16. Nxd6 Nxf4 17. Bxf4 Bxg5 18. Nxf5 Bxf4 19. Ne7+ Kg7 20. Qe1 Qe6 21. Qh4 Qe3+ 22. Kh1 Bg5 23. Qe1 Qxe7 0-1